00753cam a2200217 a 450000100100000000500170001000800410002702000150006804000180008308200180010110000320011924500360015126000720018730000200025949000230027949000720030265000240037465000370039883000250043583000750046000000592120200929151836.0900803s1982 sp 001 p spa  a8400051246 aDO-SdBNPcDLC a861.64bV697s1 aVilas Vidal, Manuel,d1962-13aEl sauce /cManuel Vilas Vidal. aZaragoza, España :bInstitución "Fernando el Católico,c1982. a54 p. ;c25 cm.1 aSan Jorgevvol. 271 aPublicación de la Institución "Fernando el Católico"vno. 854 4aPoesía española 4aLiteratura españolaySIGLO XXI 0aSan Jorge ;vvol. 27 0aPublicación de la Institución "Fernando el Católico" ;vno. 854.